|
|
|
|
| LEADER |
00000cam a2200000 7i4500 |
| 001 |
0000051010 |
| 005 |
20220105104157.0 |
| 008 |
150805 |
| 020 |
|
|
|a 9670664200
|
| 020 |
|
|
|a 9789670664200
|
| 090 |
0 |
0 |
|a JP
|b MAL
|
| 100 |
1 |
|
|a Rafidah Joseph Upi
|
| 245 |
1 |
0 |
|a Melawat zoo
|c Rafidah Joseph Upi
|
| 490 |
1 |
|
|a Siri Pintar Membaca
|
| 500 |
|
|
|a Children age 4-6 years old (yellow)
|
| 650 |
|
0 |
|a Malay language
|
| 999 |
|
|
|a 0001357552
|b Book
|c Children Collection
|e Cawangan Urban Transformation Centre
|
| 999 |
|
|
|a 0001362121
|b Book
|c Children Collection
|e Cawangan Tmn. Ungku Tun Aminah
|
| 999 |
|
|
|a 0001362122
|b Book
|c Children Collection
|e Cawangan Sri Merlong
|
| 999 |
|
|
|a 0001362123
|b Book
|c Children Collection
|e Cawangan Segamat
|
| 999 |
|
|
|a 0001362124
|b Book
|c Children Collection
|e Cawangan Pontian
|
| 999 |
|
|
|a 0001362126
|b Book
|c Children Collection
|e Cawangan Taman Universiti
|
| 999 |
|
|
|a 0001362127
|b Book
|c Children Collection
|e Cawangan Taman Sri Lambak
|
| 999 |
|
|
|a 0001362128
|b Book
|c Children Collection
|e Cawangan Batu Pahat
|
| 999 |
|
|
|a 0001362129
|b Book
|c Children Collection
|e Cawangan Bandar Penawar
|
| 999 |
|
|
|a 0001362130
|b Book
|c Children Collection
|e Cawangan Bukit Gambir
|
| 999 |
|
|
|a 0001362131
|b Book
|c Children Collection
|e Cawangan Kota Tinggi
|
| 999 |
|
|
|a 0001362132
|b Book
|c Children Collection
|e Cawangan Mersing
|
| 999 |
|
|
|a 0001362134
|b Book
|c Children Collection
|e Cawangan Tangkak
|